| 000 | 00000nam 2200000zi 4500 |
| 001 | 9.929114 |
| 003 | CaOODSP |
| 005 | 20240201111932 |
| 006 | m o d f |
| 007 | cr |n||||||||| |
| 008 | 231019s2023 onca o f000 0 fre d |
| 020 | |a9780660683683 |
| 040 | |aCaOODSP|bfre|erda|cCaOODSP |
| 043 | |an-cn--- |
| 086 | 1 |aM4-243/2023F-PDF |
| 245 | 00|aLidar (détection et estimation de la distance par la lumière). |
| 264 | 1|a[Ottawa] : |bGouvernement du Canada = Government of Canada, |c[2023] |
| 300 | |a1 ressource en ligne (1 page non numérotée) : |billustrations en couleur |
| 336 | |atexte|btxt|2rdacontent/fre |
| 337 | |ainformatique|bc|2rdamedia/fre |
| 338 | |aressource en ligne|bcr|2rdacarrier/fre |
| 500 | |aPublié aussi en anglais sous le titre : LiDAR (light detection and ranging). |
| 650 | 6|aLidar. |
| 710 | 1 |aCanada. |bRessources naturelles Canada, |eorganisme de publication. |
| 775 | 08|tLiDAR (light detection and ranging). |w(CaOODSP)9.929113 |
| 856 | 40|qPDF|s914 Ko|uhttps://publications.gc.ca/collections/collection_2024/rncan-nrcan/M4-243-2023-fra.pdf |